Counselling psychology / (Record no. 362056)
[ view plain ]
| 000 -LEADER | |
|---|---|
| fixed length control field | 00377nam a2200121Ia 4500 |
| 008 - FIXED-LENGTH DATA ELEMENTS--GENERAL INFORMATION | |
| fixed length control field | 190813s9999 xx 000 0 und d |
| 020 ## - INTERNATIONAL STANDARD BOOK NUMBER | |
| International Standard Book Number | 9781138648364 |
| 245 ## - TITLE STATEMENT | |
| Statement of responsibility, etc | Edited by Victoria Galbraith.-- |
| Title | Counselling psychology / |
| 260 ## - PUBLICATION, DISTRIBUTION, ETC. (IMPRINT) | |
| Place of publication, distribution, etc | New York : |
| Name of publisher, distributor, etc | Routledge |
| Date of publication, distribution, etc | 2018 |
| 300 ## - PHYSICAL DESCRIPTION | |
| Extent | 259 pages. |
| 500 ## - GENERAL NOTE | |
| General note | Included bibliographical references and index. |
| 650 ## - SUBJECT ADDED ENTRY--TOPICAL TERM | |
| Topical term or geographic name as entry element | Counselling. |
| Withdrawn status | Lost status | Damaged status | Home library | Current library | Shelving location | Date acquired | Total Checkouts | Total Renewals | Full call number | Barcode | Date last seen | Date checked out | Price effective from | Koha item type |
|---|---|---|---|---|---|---|---|---|---|---|---|---|---|---|
| College Library | College Library | Reserve Section | 08/13/2019 | 1 | 3 | BF 636.6 .C6758 2017 | C21841 | 09/30/2021 | 09/01/2021 | 08/13/2019 | Books |